| 000 | 01469cam a2200277zu 4500 | ||
|---|---|---|---|
| 001 | 88819665 | ||
| 003 | FRCYB88819665 | ||
| 005 | 20251020123051.0 | ||
| 006 | m o d | ||
| 007 | cr un | ||
| 008 | 251020s2010 fr | o|||||0|0|||fre d | ||
| 020 | _a9782200248208 | ||
| 035 | _aFRCYB88819665 | ||
| 040 |
_aFR-PaCSA _bfr _c _erda |
||
| 100 | 1 | _aStroobants, Marcelle | |
| 245 | 0 | 1 |
_aSociologie du travail _bDomaines et approches _c['Stroobants, Marcelle'] |
| 264 | 1 |
_bArmand Colin _c2010 |
|
| 300 | _a p. | ||
| 336 |
_btxt _2rdacontent |
||
| 337 |
_bc _2rdamdedia |
||
| 338 |
_bc _2rdacarrier |
||
| 650 | 0 | _a | |
| 700 | 0 | _aStroobants, Marcelle | |
| 856 | 4 | 0 |
_2Cyberlibris _uhttps://international.scholarvox.com/netsen/book/88819665 _qtext/html _a |
| 520 | _aCet ouvrage récapitule les épisodes caractéristiques de la mise au travail depuis la révolution industrielle, les techniques d'organisation de la production et leur mode d'emploi, au-delà des entreprises. Il confronte les identités professionnelles à la dynamique des conflits et des tensions sur le marché de l'emploi. Sont ainsi mis en lumière les acquis, les débats classiques et les prolongements actuels de la sociologie du travail. Cette nouvelle édition met en relief l'essor de l'activité des femmes dans le secteur tertiaire. L'accent est également mis sur le glissement de la sociologie du travail vers une sociologie de l'emploi et des professions. | ||
| 999 |
_c1552914 _d1552914 |
||